000 00470nam a2200181Ia 4500
003 GCL
008 140319s9999 xx 000 0 eng d
040 _aGCL /
_cGCL
082 0 4 _a192
_bG C
100 1 _aGUTTING, GARY
245 1 0 _aTHE CAMBRIDGE COMPANION TO FOUCAULT /
_cGUTTING, GARY
260 _a[S.N] :
_bCAMBRIDGE UNIVERSITY PRESS ،
_c1994
300 _a360 P
650 0 4 _aFOUCAULT, MICHEL
650 0 4 _aPHILOSOPHY
650 0 4 _aHISTORY
942 _2ddc
_cBK
999 _c24412
_d24412